Wuthering Heights / (Record no. 173287)
[ view plain ]
| 000 -LEADER | |
|---|---|
| fixed length control field | 01647cam a2200373 a 4500 |
| 001 - CONTROL NUMBER | |
| control field | 16013044 |
| 003 - CONTROL NUMBER IDENTIFIER | |
| control field | Nust |
| 005 - DATE AND TIME OF LATEST TRANSACTION | |
| control field | 20180718071011.0 |
| 008 - FIXED-LENGTH DATA ELEMENTS--GENERAL INFORMATION | |
| fixed length control field | 091208s2010 nyu b 000 1 eng |
| 010 ## - LIBRARY OF CONGRESS CONTROL NUMBER | |
| LC control number | 2009050784 |
| 020 ## - INTERNATIONAL STANDARD BOOK NUMBER | |
| International Standard Book Number | 9780007350810 (pbk.) |
| Terms of availability | Rs. 200 |
| 038 ## - RECORD CONTENT LICENSOR | |
| Staff Name | Arshad |
| 040 ## - CATALOGING SOURCE | |
| Original cataloging agency | DLC |
| Transcribing agency | DLC |
| Modifying agency | DLC |
| 043 ## - GEOGRAPHIC AREA CODE | |
| Geographic area code | e-uk-en |
| 050 00 - LIBRARY OF CONGRESS CALL NUMBER | |
| Classification number | PR4172 |
| Item number | .W7 2010 |
| 082 00 - DEWEY DECIMAL CLASSIFICATION NUMBER | |
| Classification number | 823.8 |
| Author Mark | BRO |
| 100 1# - MAIN ENTRY--PERSONAL NAME | |
| Personal name | Brontë, Emily, |
| Dates associated with a name | 1818-1848. |
| 9 (RLIN) | 11800 |
| 245 10 - TITLE STATEMENT | |
| Title | Wuthering Heights / |
| Statement of responsibility, etc. | Emily Brontë. |
| 250 ## - EDITION STATEMENT | |
| Edition statement | Dover Thrift Study ed. |
| 260 ## - PUBLICATION, DISTRIBUTION, ETC. | |
| Place of publication, distribution, etc. | Mineola, N.Y. : |
| Name of publisher, distributor, etc. | Dover Publications, |
| Date of publication, distribution, etc. | 2010. |
| 300 ## - PHYSICAL DESCRIPTION | |
| Extent | viii, 384 p. ; |
| Dimensions | 21 cm. |
| 490 0# - SERIES STATEMENT | |
| Series statement | Dover thrift study edition |
| 500 ## - GENERAL NOTE | |
| General note | This Dover edition contains the unabridged text of the first edition of Wuthering heights, as originally published by Thomas Cautley Newby, London, in 1847, plus literary analysis and perspectives from MAXnotes for Wuthering Heights, published in 1996 by Research & Education Association, Piscataway, New Jersey. |
| 504 ## - BIBLIOGRAPHY, ETC. NOTE | |
| Bibliography, etc. note | Includes bibliographical references (p [344]). |
| 600 10 - SUBJECT ADDED ENTRY--PERSONAL NAME | |
| Personal name | Brontë, Emily, |
| Dates associated with a name | 1818-1848. |
| Title of a work | Wuthering Heights |
| General subdivision | Examinations |
| Form subdivision | Study guides. |
| 9 (RLIN) | 11801 |
| 650 #0 - SUBJECT ADDED ENTRY--TOPICAL TERM | |
| Topical term or geographic name entry element | Triangles (Interpersonal relations) |
| Form subdivision | Fiction. |
| 9 (RLIN) | 7637 |
| 650 #0 - SUBJECT ADDED ENTRY--TOPICAL TERM | |
| Topical term or geographic name entry element | Revenge |
| Form subdivision | Fiction. |
| 9 (RLIN) | 7967 |
| 651 #0 - SUBJECT ADDED ENTRY--GEOGRAPHIC NAME | |
| Geographic name | Yorkshire (England) |
| Form subdivision | Fiction. |
| 9 (RLIN) | 11802 |
| 655 #7 - INDEX TERM--GENRE/FORM | |
| Genre/form data or focus term | Love stories. |
| Source of term | gsafd |
| 9 (RLIN) | 418 |
| 700 1# - ADDED ENTRY--PERSONAL NAME | |
| Personal name | Spiegel, Lynda Rich. |
| Title of a work | Emily Brontë's Wuthering Heights. |
| 9 (RLIN) | 11803 |
| 906 ## - LOCAL DATA ELEMENT F, LDF (RLIN) | |
| a | 7 |
| b | cbc |
| c | orignew |
| d | 1 |
| e | ecip |
| f | 20 |
| g | y-gencatlg |
| 942 ## - ADDED ENTRY ELEMENTS (KOHA) | |
| Source of classification or shelving scheme | |
| Koha item type | Book |
| Withdrawn status | Lost status | Source of classification or shelving scheme | Damaged status | Not for loan | Permanent Location | Current Location | Shelving location | Date acquired | Total Checkouts | Total Renewals | Full call number | Barcode | Checked out | Date last seen | Date last checked out | Copy number | Price effective from | Koha item type |
|---|---|---|---|---|---|---|---|---|---|---|---|---|---|---|---|---|---|---|
| Central Library (CL) | Central Library (CL) | Fiction | 01/21/2017 | 7 | 11 | 823 BRO | CL836 | 05/28/2025 | 05/10/2024 | 07/05/2023 | 1 | 01/21/2017 | Book |
